Statistics for Champions League Winning Players

Click here to take the quiz!

General Stats

  • This quiz has been taken 126 times
  • The average score is 284 of 693

Answer Stats

GroupCountryAnswer% Correct
Real Madrid 2016-2017PortugalCristiano Ronaldo
95%
Manchester United 2007-2008PortugalCristiano Ronaldo
95%
Real Madrid 2015-2016PortugalCristiano Ronaldo
95%
Real Madrid 2013-2014PortugalCristiano Ronaldo
95%
Real Madrid 2017-2018PortugalCristiano Ronaldo
95%
Real Madrid 2017-2018WalesGareth Bale
94%
Real Madrid 2021-2022WalesGareth Bale
94%
Real Madrid 2013-2014WalesGareth Bale
94%
Real Madrid 2015-2016WalesGareth Bale
94%
Real Madrid 2016-2017WalesGareth Bale
94%
Barcelona 2010-2011ArgentinaLionel Messi
94%
Barcelona 2005-2006ArgentinaLionel Messi
94%
Barcelona 2008-2009ArgentinaLionel Messi
94%
Barcelona 2014-2015ArgentinaLionel Messi
94%
Real Madrid 2016-2017CroatiaLuka Modrić
91%
Real Madrid 2017-2018CroatiaLuka Modrić
91%
Real Madrid 2013-2014CroatiaLuka Modrić
91%
Real Madrid 2021-2022CroatiaLuka Modrić
91%
Real Madrid 2015-2016CroatiaLuka Modrić
91%
Real Madrid 2015-2016FranceKarim Benzema
90%
Real Madrid 2021-2022FranceKarim Benzema
90%
Real Madrid 2016-2017FranceKarim Benzema
90%
Real Madrid 2013-2014FranceKarim Benzema
90%
Real Madrid 2017-2018FranceKarim Benzema
90%
Real Madrid 2017-2018GermanyToni Kroos
90%
Real Madrid 2016-2017GermanyToni Kroos
90%
Real Madrid 2015-2016GemanyToni Kroos
90%
Real Madrid 2021-2022GermanyToni Kroos
90%
Bayern München 2012-2013GermanyToni Kroos
90%
Barcelona 2014-2015SpainXavi
90%
Barcelona 2010-2011SpainXavi
90%
Barcelona 2005-2006SpainXavi
90%
Barcelona 2008-2009SpainXavi
90%
Real Madrid 2015-2016ColombiaJames Rodríguez
88%
Real Madrid 2016-2017ColombiaJames Rodríguez
88%
Bayern München 2019-2020GermanyManuel Neuer
88%
Bayern München 2012-2013GermanyManuel Neuer
88%
Bayern München 2000-2001GermanyOliver Kahn
88%
Barcelona 2010-2011SpainGerard Piqué
87%
Barcelona 2008-2009SpainGerard Piqué
87%
Barcelona 2014-2015SpainGerard Piqué
87%
Manchester United 2007-2008SpainGerard Piqué
87%
Liverpool 2018-2019EgyptMohamed Salah
87%
Bayern München 2019-2020PolandRobert Lewandowski
87%
Liverpool 2018-2019SenegalSadio Mané
87%
Barcelona 2005-2006SpainAndrés Iniesta
86%
Barcelona 2008-2009SpainAndrés Iniesta
86%
Barcelona 2010-2011SpainAndrés Iniesta
86%
Barcelona 2014-2015SpainAndrés Iniesta
86%
Bayern München 2012-2013AustriaDavid Alaba
86%
Bayern München 2019-2020AustriaDavid Alaba
86%
Real Madrid 2021-2022AustriaDavid Alaba
86%
Barcelona 2014-2015UruguayLuis Suárez
86%
Real Madrid 2017-2018SpainSergio Ramos
86%
Real Madrid 2015-2016SpainSergio Ramos
86%
Real Madrid 2013-2014SpainSergio Ramos
86%
Real Madrid 2016-2017SpainSergio Ramos
86%
Real Madrid 2015-2016Costa RicaKeylor Navas
85%
Real Madrid 2016-2017Costa RicaKeylor Navas
85%
Real Madrid 2017-2018Costa RicaKeylor Navas
85%
Liverpool 2018-2019NetherlandsVirgil van Dijk
85%
Real Madrid 2021-2022FranceFerland Mendy
83%
Barcelona 2010-2011VenezuelaJeffrén Suárez
83%
Real Madrid 2017-2018BrazilMarcelo
83%
Real Madrid 2021-2022BrazilMarcelo
83%
Real Madrid 2016-2017BrazilMarcelo
83%
Real Madrid 2015-2016BrazilMarcelo
83%
Real Madrid 2013-2014BrazilMarcelo
83%
Barcelona 2014-2015BrazilNeymar
83%
AC Milan 1993-1994ItalyStefano Nava
83%
Real Madrid 2021-2022BelgiumThibaut Courtois
83%
Bayern München 2019-2020GermanyThomas Müller
83%
Bayern München 2012-2013GermanyThomas Müller
83%
Real Madrid 2021-2022BrazilVinicius Júnior
83%
Liverpool 2018-2019BrazilAlisson
82%
Liverpool 2018-2019ScotlandAndrew Robertson
82%
Chelsea 2020-2021SenegalEdouard Mendy
82%
Real Madrid 2017-2018SpainKiko Casilla
81%
Real Madrid 2015-2016SpainKiko Casilla
81%
Real Madrid 2016-2017SpainKiko Casilla
81%
Bayern München 2012-2013GermanyPhilipp Lahm
81%
Inter Milan 2009-2010CameroonSamuel Eto'o
81%
Barcelona 2005-2006CameroonSamuel Eto'o
81%
Barcelona 2008-2009CameroonSamuel Eto'o
81%
Bayern München 2019-2020CanadaAlphonso Davies
78%
Bayern München 2012-2013NetherlandsArjen Robben
78%
Barcelona 2005-2006SpainCarles Puyol
78%
Barcelona 2010-2011SpainCarles Puyol
78%
Barcelona 2008-2009SpainCarles Puyol
78%
Chelsea 2011-2012Côte D'IvoireDidier Drogba
78%
Barcelona 2014-2015CroatiaIvan Rakitić
78%
Barcelona 2014-2015SpainSergio Busquets
78%
Barcelona 2008-2009SpainSergio Busquets
78%
Barcelona 2010-2011SpainSergio Busquets
78%
Barcelona 2014-2015GermanyMarc-André ter Stegen
77%
AC Milan 2002-2003ItalyPaolo Maldini
77%
AC Milan 1993-1994ItalyPaolo Maldini
77%
AC Milan 2006-2007ItalyPaolo Maldini
77%
Real Madrid 2013-2014SpainXabi Alonso
77%
Liverpool 2004-2005SpainXabi Alonso
77%
Real Madrid 2013-2014BrazilCasemiro
76%
Real Madrid 2017-2018BrazilCasemiro
76%
Real Madrid 2021-2022BrazilCasemiro
76%
Real Madrid 2016-2017BrazilCasemiro
76%
Real Madrid 2015-2016BrazilCasemiro
76%
Barcelona 2008-2009BrazilDani Alves
76%
Barcelona 2010-2011BrazilDani Alves
76%
Barcelona 2014-2015BrazilDani Alves
76%
Manchester United 2007-2008NetherlandsEdwin van der Sar
76%
Ajax 1994-1995NetherlandsEdwin van der Sar
76%
Real Madrid 1999-2000SpainIker Casillas
76%
Real Madrid 2001-2002SpainIker Casillas
76%
Real Madrid 2013-2014SpainIker Casillas
76%
Liverpool 2018-2019EnglandJordan Henderson
76%
Chelsea 2020-2021GermanyKai Havertz
76%
Chelsea 2020-2021SpainMarcos Alonso
76%
Liverpool 2018-2019BrazilRoberto Firmino
76%
Liverpool 2004-2005EnglandSteven Gerrard
76%
Real Madrid 2013-2014ArgentinaÁngel Di María
74%
Barcelona 2010-2011ArgentinaJavier Mascherano
74%
Barcelona 2014-2015ArgentinaJavier Mascherano
74%
Chelsea 2020-2021ItalyJorginho
74%
Chelsea 2011-2012CzechiaPetr Čech
74%
Real Madrid 2017-2018SpainDani Carvajal
73%
Real Madrid 2013-2014SpainDani Carvajal
73%
Real Madrid 2015-2016SpainDani Carvajal
73%
Real Madrid 2016-2017SpainDani Carvajal
73%
Real Madrid 2021-2022SpainDani Carvajal
73%
Bayern München 2012-2013FranceFranck Ribéry
73%
Bayern München 2019-2020GermanyJoshua Kimmich
73%
Bayern München 2019-2020FranceKingsley Coman
73%
Real Madrid 2016-2017CroatiaMateo Kovačić
73%
Real Madrid 2017-2018CroatiaMateo Kovačić
73%
Chelsea 2020-2021CroatiaMateo Kovačić
73%
Real Madrid 2015-2016CroatiaMateo Kovačić
73%
Chelsea 2020-2021FranceN'Golo Kanté
73%
Chelsea 2020-2021EnglandReece James
73%
Real Madrid 2021-2022UruguayFederico Valverde
72%
Chelsea 2011-2012EnglandFrank Lampard
72%
Liverpool 2018-2019NetherlandsGeorginio Wijnaldum
72%
Real Madrid 2016-2017PortugalPepe
72%
Real Madrid 2015-2016PortugalPepe
72%
Real Madrid 2013-2014PortugalPepe
72%
Bayern München 2019-2020SpainThiago Alcántara
72%
Barcelona 2010-2011SpainThiago Alcántara
72%
Liverpool 2018-2019EnglandTrent Alexander-Arnold
72%
Chelsea 2020-2021SpainCésar Azpilicueta
71%
Real Madrid 2021-2022BrazilÉder Militão
71%
AC Milan 2006-2007BrazilKaká
71%
Manchester United 1998-1999EnglandPaul Scholes
71%
Manchester United 2007-2008EnglandPaul Scholes
71%
Real Madrid 2001-2002FranceZinédine Zidane
71%
AC Milan 2002-2003UkraineAndriy Shevchenko
69%
Chelsea 2020-2021GermanyAntonio Rüdiger
69%
Real Madrid 2021-2022BelgiumEden Hazard
69%
Barcelona 2014-2015SpainJordi Alba
69%
Real Madrid 2021-2022BrazilRodrygo
69%
AC Milan 2002-2003PortugalRui Costa
69%
Manchester United 2007-2008WalesRyan Giggs
69%
Manchester United 1998-1999WalesRyan Giggs
69%
Bayern München 2019-2020GermanySerge Gnabry
69%
Chelsea 2020-2021BrazilThiago Silva
69%
Barcelona 2010-2011SpainVíctor Valdés
69%
Barcelona 2008-2009SpainVíctor Valdés
69%
Barcelona 2005-2006SpainVíctor Valdés
69%
Bayern München 2012-2013SwitzerlandXherdan Shaqiri
69%
Liverpool 2018-2019SwitzerlandXherdan Shaqiri
69%
Manchester United 1998-1999EnglandDavid Beckham
68%
Real Madrid 2015-2016SpainIsco
68%
Real Madrid 2013-2014SpainIsco
68%
Real Madrid 2017-2018SpainIsco
68%
Real Madrid 2016-2017SpainIsco
68%
Liverpool 2018-2019CameroonJoël Matip
68%
Porto 2003-2004PortugalJorge Costa
68%
Porto 2003-2004PortugalMário Silva
68%
Chelsea 2020-2021EnglandMason Mount
68%
Manchester United 2007-2008SerbiaNemanja Vidić
68%
Porto 2003-2004PortugalRicardo Costa
68%
Barcelona 2005-2006BrazilRonaldinho
68%
Manchester United 1998-1999EnglandAndy Cole
67%
Chelsea 2011-2012EnglandAshley Cole
67%
Chelsea 2020-2021United StatesChristian Pulisic
67%
Inter Milan 2009-2010ArgentinaDiego Milito
67%
Liverpool 2018-2019GuineaNaby Keïta
67%
Real Madrid 2013-2014FranceRaphaël Varane
67%
Real Madrid 2016-2017FranceRaphaël Varane
67%
Real Madrid 2015-2016FranceRaphaël Varane
67%
Real Madrid 2017-2018FranceRaphaël Varane
67%
Manchester United 2007-2008EnglandRio Ferdinand
67%
Manchester United 2007-2008EnglandWayne Rooney
67%
Liverpool 2018-2019BrazilFabinho
65%
Barcelona 2010-2011ArgentinaGabriel Milito
65%
Bayern München 2019-2020GermanyJérôme Boateng
65%
Bayern München 2012-2013GermanyJérôme Boateng
65%
Liverpool 2018-2019EnglandJoe Gomez
65%
Bayern München 2019-2020GermanyLeon Goretzka
65%
Real Madrid 2021-2022SpainMarco Asensio
65%
Real Madrid 2017-2018SpainMarco Asensio
65%
Real Madrid 2016-2017SpainMarco Asensio
65%
Bayern München 2012-2013GermanyMario Gómez
65%
Manchester United 1998-1999IrelandRoy Keane
65%
Barcelona 2010-2011MaliSeydou Keita
65%
Barcelona 2008-2009MaliSeydou Keita
65%
Chelsea 2020-2021GermanyTimo Werner
65%
Bayern München 2019-2020FranceLucas Hernández
64%
Porto 2003-2004PortugalDeco
63%
Barcelona 2005-2006PortugalDeco
63%
Real Madrid 2017-2018FranceTheo Hernández
63%
Barcelona 2008-2009FranceThierry Henry
63%
AC Milan 2002-2003ItalyAndrea Pirlo
62%
AC Milan 2006-2007ItalyAndrea Pirlo
62%
Chelsea 2020-2021DenmarkAndreas Christensen
62%
Real Madrid 2001-2002SpainCésar Sánchez
62%
AC Milan 2006-2007ItalyFilippo Inzaghi
62%
AC Milan 2002-2003ItalyFilippo Inzaghi
62%
Ajax 1994-1995NetherlandsFrank de Boer
62%
Manchester United 2007-2008South KoreaPark Ji-sung
62%
Barcelona 2010-2011SpainPedro
62%
Barcelona 2008-2009SpainPedro
62%
Barcelona 2014-2015SpainPedro
62%
Ajax 1994-1995NetherlandsRonald de Boer
62%
Real Madrid 1997-1998SpainVíctor Sánchez
62%
Barcelona 2008-2009SpainVíctor Sánchez
62%
Bayern München 2012-2013GermanyBastian Schweinsteiger
60%
Manchester United 2007-2008EnglandGary Neville
60%
Manchester United 1998-1999EnglandGary Neville
60%
Chelsea 2011-2012EnglandJohn Terry
60%
Inter Milan 2009-2010BrazilJúlio César
60%
Dortmund 1996-1997BrazilJúlio César
60%
Real Madrid 1999-2000BrazilJúlio César
60%
Manchester United 1998-1999EnglandPhil Neville
60%
Real Madrid 1999-2000SpainRaúl
60%
Real Madrid 1997-1998SpainRaúl
60%
Real Madrid 2001-2002SpainRaúl
60%
AC Milan 2006-2007ItalyAlessandro Nesta
59%
AC Milan 2002-2003ItalyAlessandro Nesta
59%
AC Milan 2006-2007BrazilDida
59%
AC Milan 2002-2003BrazilDida
59%
Bayern München 2012-2013SpainJavi Martínez
59%
Bayern München 2019-2020SpainJavi Martínez
59%
Inter Milan 2009-2010NetherlandsWesley Sneijder
59%
Barcelona 2008-2009Côte d'IvoireYaya Touré
59%
Chelsea 2011-2012SpainFernando Torres
58%
Liverpool 2018-2019EnglandJames Milner
58%
Liverpool 2004-2005PolandJerzy Dudek
58%
Real Madrid 1999-2000NetherlandsClarence Seedorf
56%
Ajax 1994-1995NetherlandsClarence Seedorf
56%
AC Milan 2002-2003NetherlandsClarence Seedorf
56%
AC Milan 2006-2007NetherlandsClarence Seedorf
56%
Real Madrid 1997-1998NetherlandsClarence Seedorf
56%
Liverpool 2018-2019BelgiumDivock Origi
56%
Manchester United 1998-1999Trinidad & TobagoDwight Yorke
56%
Real Madrid 2021-2022FranceEduardo Camavinga
56%
Chelsea 2020-2021MoroccoHakim Ziyech
56%
Real Madrid 2021-2022SerbiaLuka Jović
56%
Real Madrid 2021-2022Dominican RepublicMariano
56%
Real Madrid 2016-2017Dominican RepublicMariano
56%
Bayern München 2012-2013CroatiaMario Mandžukić
56%
Manchester United 2007-2008FrancePatrice Evra
56%
Manchester United 1998-1999DenmarkPeter Schmeichel
56%
Real Madrid 2001-2002BrazilRoberto Carlos
56%
Real Madrid 1999-2000BrazilRoberto Carlos
56%
Real Madrid 1997-1998BrazilRoberto Carlos
56%
Real Madrid 2017-2018MoroccoAchraf Hakimi
55%
Juventus 1995-1996ItalyAlessandro Del Piero
55%
Chelsea 2011-2012SerbiaBranislav Ivanović
54%
Barcelona 2010-2011SpainDavid Villa
54%
Barcelona 2008-2009FranceÉric Abidal
54%
Barcelona 2010-2011FranceÉric Abidal
54%
Real Madrid 2021-2022SpainLucas Vázquez
54%
Real Madrid 2016-2017SpainLucas Vázquez
54%
Real Madrid 2015-2016SpainLucas Vázquez
54%
Real Madrid 2017-2018SpainLucas Vázquez
54%
Real Madrid 2001-2002PortugalLuís Figo
54%
Chelsea 2011-2012BrazilDavid Luiz
53%
Ajax 1994-1995FinlandJari Litmanen
53%
Manchester United 1998-1999NorwayOle Gunnar Solskjær
53%
Barcelona 2014-2015SpainSergi Roberto
53%
Barcelona 2010-2011SpainSergi Roberto
53%
Real Madrid 1997-1998BrazilZé Roberto
53%
Marseille 1992-93FranceDidier Deschamps
51%
Juventus 1995-1996FranceDidier Deschamps
51%
Real Madrid 1997-1998SpainFernando Hierro
51%
Real Madrid 2001-2002SpainFernando Hierro
51%
Real Madrid 1999-2000SpainFernando Hierro
51%
AC Milan 2002-2003ItalyGennaro Gattuso
51%
AC Milan 2006-2007ItalyGennaro Gattuso
51%
Liverpool 2004-2005EnglandJamie Carragher
51%
Inter Milan 2009-2010ArgentinaJavier Zanetti
51%
Manchester United 2007-2008PortugalNani
51%
Marseille 1992-93SpainRafael Martín Vázquez
51%
Barcelona 2010-2011SpainVíctor Vázquez
51%
Barcelona 2008-2009SpainVíctor Vázquez
51%
Bayern München 2019-2020FranceBenjamin Pavard
50%
Liverpool 2018-2019CroatiaDejan Lovren
50%
Chelsea 2011-2012EnglandGary Cahill
50%
Barcelona 2005-2006SwedenHenrik Larsson
50%
Manchester United 2007-2008EnglandMichael Carrick
50%
Real Madrid 2017-2018SpainNacho
50%
Real Madrid 2013-2014SpainNacho
50%
Real Madrid 2016-2017SpainNacho
50%
Real Madrid 2015-2016SpainNacho
50%
Real Madrid 2021-2022SpainNacho
50%
Barcelona 2008-2009MexicoRafael Márquez
49%
Barcelona 2005-2006MexicoRafael Márquez
49%
Real Madrid 2013-2014GermanySami Khedira
49%
Chelsea 2020-2021EnglandBen Chilwell
47%
Real Madrid 2013-2014PortugalFábio Coentrão
47%
Real Madrid 2016-2017PortugalFábio Coentrão
47%
AC Milan 1993-1994ItalyFranco Baresi
47%
Porto 2003-2004PortugalRicardo Carvalho
47%
Inter Milan 2009-2010BrazilLúcio
46%
Chelsea 2011-2012GhanaMichael Essien
46%
Bayern München 2012-2013PeruClaudio Pizarro
45%
Chelsea 2011-2012SpainJuan Mata
45%
Dortmund 1996-1997RussiaVladimir But
45%
Manchester United 2007-2008ArgentinaCarlos Tevez
44%
Bayern München 2012-2013BrazilDante
44%
Bayern München 2019-2020CroatiaIvan Perišić
44%
Chelsea 2011-2012NigeriaJohn Obi Mikel
44%
Ajax 1994-1995NetherlandsPatrick Kluivert
44%
Inter Milan 2009-2010North MacedoniaGoran Pandev
42%
Chelsea 2020-2021FranceOlivier Giroud
42%
Bayern München 2019-2020BrazilPhilippe Coutinho
42%
AC Milan 2002-2003BrazilRivaldo
42%
Liverpool 2004-2005FinlandSami Hyypiä
42%
Real Madrid 1999-2000EnglandSteve McManaman
42%
Real Madrid 2001-2002EnglandSteve McManaman
42%
AC Milan 1993-1994DenmarkBrian Laudrup
41%
AC Milan 2006-2007BrazilCafú
41%
Real Madrid 2017-2018SpainDani Ceballos
41%
Real Madrid 2021-2022SpainDani Ceballos
41%
Inter Milan 2009-2010ArgentinaEsteban Cambiasso
41%
Chelsea 2011-2012PortugalJosé Bosingwa
41%
Porto 2003-2004PortugalJosé Bosingwa
41%
Real Madrid 2001-2002FranceClaude Makélélé
40%
Real Madrid 1999-2000SpainFernando Morientes
40%
Real Madrid 2001-2002SpainFernando Morientes
40%
Real Madrid 1997-1998SpainFernando Morientes
40%
Liverpool 2004-2005NorwayJohn Arne Riise
40%
AC Milan 1993-1994FranceMarcel Desailly
40%
Marseille 1992-93FranceMarcel Desailly
40%
Real Madrid 1999-2000FranceNicolas Anelka
40%
Chelsea 2011-2012FranceNicolas Anelka
40%
Manchester United 2007-2008BrazilAnderson
38%
Real Madrid 1997-1998SpainDani García
38%
Real Madrid 1997-1998CroatiaDavor Šuker
38%
Barcelona 2005-2006SpainGabri García
38%
AC Milan 1993-1994FranceJean-Pierre Papin
38%
Chelsea 2020-2021SpainKepa Arrizabalaga
38%
Liverpool 2004-2005SpainLuis García
38%
Inter Milan 2009-2010BrazilMaicon Sisenando
38%
Bayern München 2000-2001SwedenPatrik Andersson
37%
Chelsea 2011-2012BrazilRamires
37%
Chelsea 2011-2012Côte D'IvoireSalomon Kalou
37%
Chelsea 2011-2012BrazilAlex
36%
Bayern München 2019-2020FranceCorentin Tolisso
36%
Liverpool 2018-2019EnglandDaniel Sturridge
36%
Chelsea 2011-2012EnglandDaniel Sturridge
36%
Manchester United 1998-1999EnglandJaap Stam
36%
Barcelona 2014-2015BrazilRafinha
36%
Bayern München 2012-2013BrazilRafinha
36%
Dortmund 1996-1997GermanyStefan Klos
36%
Inter Milan 2009-2010ArgentinaWalter Samuel
36%
AC Milan 2006-2007ItalyAlessandro Costacurta
35%
AC Milan 1993-1994ItalyAlessandro Costacurta
35%
AC Milan 2002-2003ItalyAlessandro Costacurta
35%
Barcelona 2005-2006NetherlandsGiovanni van Bronckhorst
35%
Real Madrid 1997-1998SpainGuti
35%
Real Madrid 1999-2000SpainGuti
35%
Real Madrid 2001-2002SpainGuti
35%
Manchester United 2007-2008IrelandJohn O'Shea
35%
Dortmund 1996-1997GermanyMatthias Sammer
35%
Liverpool 2004-2005CzechiaVladimír Šmicer
35%
Real Madrid 2013-2014SpainÁlvaro Arbeloa
33%
Real Madrid 2015-2016SpainÁlvaro Arbeloa
33%
Bayern München 2000-2001FranceBixente Lizarazu
33%
Inter Milan 2009-2010SerbiaDejan Stanković
33%
Manchester United 1998-1999IrelandDenis Irwin
33%
Ajax 1994-1995NetherlandsEdgar Davids
33%
Ajax 1994-1995NetherlandsFrank Rijkaard
33%
Manchester United 1998-1999NorwayHenning Berg
33%
Barcelona 2005-2006NetherlandsMark van Bommel
33%
Manchester United 1998-1999EnglandTeddy Sheringham
33%
Barcelona 2014-2015ChileClaudio Bravo
32%
Inter Milan 2009-2010RomaniaCristian Chivu
32%
Manchester United 2007-2008ScotlandDarren Fletcher
32%
Liverpool 2004-2005FranceDjibril Cissé
32%
Real Madrid 2001-2002SpainRaúl Bravo
32%
Chelsea 2020-2021EnglandTammy Abraham
32%
Barcelona 2010-2011BrazilAdriano
31%
Barcelona 2014-2015BrazilAdriano
31%
Chelsea 2020-2021ScotlandBilly Gilmour
31%
Inter Milan 2009-2010ItalyMarco Materazzi
31%
Bayern München 2019-2020GermanyNiklas Süle
31%
Barcelona 2014-2015BelgiumThomas Vermaelen
31%
Barcelona 2008-2009BelarusAlexander Hleb
29%
Bayern München 2012-2013BelgiumDaniel Van Buyten
29%
Chelsea 2020-2021ItalyEmerson Palmieri
29%
Liverpool 2004-2005AustraliaHarry Kewell
29%
Liverpool 2004-2005CzechiaMilan Baroš
29%
Inter Milan 2009-2010FrancePatrick Vieira
29%
Liverpool 2004-2005MaliDjimi Traoré
28%
Marseille 1992-93FranceFabien Barthez
28%
Chelsea 2011-2012FranceFlorent Malouda
28%
AC Milan 1993-1994ItalySebastiano Rossi
28%
Bayern München 2000-2001GermanyStefan Effenberg
28%
Manchester United 1998-1999NetherlandsJordi Cruyff
27%
Bayern München 2012-2013BrazilLuiz Gustavo
27%
Ajax 1994-1995NetherlandsMarc Overmars
27%
Manchester United 2007-2008EnglandOwen Hargreaves
27%
Bayern München 2000-2001EnglandOwen Hargreaves
27%
Chelsea 2011-2012EnglandRyan Bertrand
27%
Manchester United 2007-2008EnglandWes Brown
27%
Manchester United 1998-1999EnglandWes Brown
27%
Chelsea 2020-2021EnglandCallum Hudson-Odoi
26%
Liverpool 2004-2005GermanyDietmar Hamann
26%
Barcelona 2010-2011MexicoJonathan dos Santos
26%
Manchester United 2007-2008Northern IrelandJonny Evans
26%
Inter Milan 2009-2010ItalyMario Balotelli
26%
Barcelona 2005-2006ArgentinaMaxi López
26%
Manchester United 1998-1999EnglandNicky Butt
26%
Marseille 1992-93GhanaAbedi Pele
24%
Real Madrid 2016-2017SpainÁlvaro Morata
24%
Real Madrid 2013-2014SpainÁlvaro Morata
24%
Real Madrid 2013-2014SpainDiego López
24%
Barcelona 2008-2009IcelandEiður Guðjohnsen
24%
AC Milan 2006-2007ItalyMassimo Oddo
24%
Liverpool 2018-2019SpainAlberto Moreno
23%
Bayern München 2019-2020SpainÁlvaro Odriozola
23%
Juventus 1995-1996ItalyAntonio Conte
23%
Real Madrid 2015-2016RussiaDenis Cheryshev
23%
Bayern München 2000-2001BrazilGiovane Élber
23%
Barcelona 2014-2015FranceJérémy Mathieu
23%
Chelsea 2020-2021FranceKurt Zouma
23%
Real Madrid 1997-1998Yugoslavia (Mne.)Predrag Mijatović
23%
Bayern München 2000-2001ParaguayRoque Santa Cruz
23%
Ajax 1994-1995NetherlandsDanny Blind
22%
Real Madrid 1999-2000ArgentinaFernando Redondo
22%
Real Madrid 1997-1998ArgentinaFernando Redondo
22%
AC Milan 2002-2003ArgentinaFernando Redondo
22%
Juventus 1995-1996ItalyGianluca Vialli
22%
Barcelona 2005-2006BrazilJuliano Belletti
22%
AC Milan 2006-2007GeorgiaKakha Kaladze
22%
AC Milan 2002-2003GeorgiaKakha Kaladze
22%
Real Madrid 2001-2002SpainMíchel Salgado
22%
Real Madrid 1999-2000SpainMíchel Salgado
22%
Ajax 1994-1995NigeriaNwankwo Kanu
22%
Barcelona 2008-2009SpainBojan Krkić
21%
Barcelona 2010-2011SpainBojan Krkić
21%
AC Milan 2002-2003GabonCatilina Aubameyang
21%
Real Madrid 1999-2000SpainIván Helguera
21%
Real Madrid 2001-2002SpainIván Helguera
21%
Real Madrid 2021-2022SpainJesús Vallejo
21%
Real Madrid 2017-2018SpainJesús Vallejo
21%
Barcelona 2005-2006FranceLudovic Giuly
21%
Barcelona 2010-2011BrazilMaxwell
21%
Barcelona 2014-2015MoroccoMunir El Haddadi
21%
Porto 2003-2004PortugalRicardo Fernandes
21%
Liverpool 2004-2005IrelandSteve Finnan
21%
AC Milan 1993-1994Yugoslavia (Mne.)Dejan Savićević
19%
Bayern München 2000-2001Bosnia & HerzegovinaHasan Salihamidžić
19%
Barcelona 2010-2011SpainJosé Manuel Pinto
19%
AC Milan 2002-2003ItalyMassimo Ambrosini
19%
AC Milan 2006-2007ItalyMassimo Ambrosini
19%
Chelsea 2011-2012PortugalRaul Meireles
19%
Marseille 1992-93FranceRudi Völler
19%
AC Milan 1993-1994CroatiaZvonimir Boban
19%
Real Madrid 1999-2000FranceChristian Karembeu
18%
Real Madrid 1997-1998FranceChristian Karembeu
18%
Inter Milan 2009-2010ColombiaIván Córdoba
18%
Dortmund 1996-1997GermanyJürgen Kohler
18%
Porto 2003-2004PortugalMarco Ferreira
18%
Real Madrid 2017-2018SpainMarcos Llorente
18%
Dortmund 1996-1997ScotlandPaul Lambert
18%
Porto 2003-2004PortugalPaulo Ferreira
18%
Chelsea 2011-2012PortugalPaulo Ferreira
18%
AC Milan 1993-1994ItalyRoberto Donadoni
18%
Bayern München 2000-2001GhanaSamuel Kuffour
18%
Inter Milan 2009-2010GhanaSulley Muntari
18%
Inter Milan 2009-2010ItalyThiago Motta
18%
Barcelona 2005-2006ItalyThiago Motta
18%
Porto 2003-2004PortugalVítor Baía
18%
Bayern München 2012-2013UkraineAnatoliy Tymoshchuk
17%
Real Madrid 2013-2014SpainAsier Illarramendi
17%
Bayern München 2012-2013GermanyHolger Badstuber
17%
Barcelona 2010-2011NetherlandsIbrahim Afellay
17%
Real Madrid 2013-2014SpainJesé
17%
Real Madrid 2015-2016SpainJesé
17%
Dortmund 1996-1997GermanyLars Ricken
17%
Barcelona 2014-2015SpainMarc Bartra
17%
Liverpool 2018-2019EnglandAdam Lallana
15%
Bayern München 2000-2001GermanyCarsten Jancker
15%
Real Madrid 2016-2017BrazilDanilo
15%
Real Madrid 2015-2016BrazilDanilo
15%
Juventus 1995-1996ItalyFabrizio Ravanelli
15%
Manchester United 1998-1999SwedenJesper Blomqvist
15%
Manchester United 2007-2008FranceLouis Saha
15%
Juventus 1995-1996PortugalPaulo Sousa
15%
Dortmund 1996-1997PortugalPaulo Sousa
15%
Real Madrid 2001-2002BrazilSávio
15%
Real Madrid 1997-1998BrazilSávio
15%
Real Madrid 1999-2000BrazilSávio
15%
Juventus 1995-1996ItalyAngelo Peruzzi
14%
AC Milan 1993-1994ItalyDaniele Massaro
14%
Ajax 1994-1995NigeriaFinidi George
14%
Dortmund 1996-1997GermanyKarl-Heinz Riedle
14%
Porto 2003-2004PortugalManiche
14%
Bayern München 2000-2001GermanyMehmet Scholl
14%
Ajax 1994-1995NetherlandsMichael Reiziger
14%
Manchester United 2007-2008FranceMikaël Silvestre
14%
Manchester United 1998-1999NorwayRonny Johnsen
14%
Barcelona 2008-2009BrazilSylvinho
14%
Barcelona 2005-2006BrazilSylvinho
14%
Bayern München 2000-2001FranceWilly Sagnol
14%
Dortmund 1996-1997GermanyAndreas Möller
13%
Marseille 1992-93FranceBasile Boli
13%
Real Madrid 2017-2018SpainBorja Mayoral
13%
Real Madrid 1997-1998ItalyChristian Panucci
13%
AC Milan 1993-1994ItalyChristian Panucci
13%
Juventus 1995-1996ItalyCiro Ferrara
13%
AC Milan 1993-1994ItalyDemetrio Albertini
13%
Dortmund 1996-1997SwitzerlandStéphane Chapuisat
13%
Porto 2003-2004South AfricaBenni McCarthy
12%
AC Milan 2002-2003ItalyChristian Abbiati
12%
Bayern München 2012-2013GermanyDiego Contento
12%
Barcelona 2005-2006BrazilEdmílson
12%
Real Madrid 1999-2000SpainIván Campo
12%
Real Madrid 2001-2002SpainIván Campo
12%
AC Milan 2002-2003DenmarkJon Dahl Tomasson
12%
Real Madrid 1999-2000SpainManolo Sanchís
12%
Real Madrid 1997-1998SpainManolo Sanchís
12%
AC Milan 2006-2007CzechiaMarek Jankulovski
12%
Dortmund 1996-1997GermanyMichael Zorc
12%
Real Madrid 1997-1998SpainSantiago Cañizares
12%
AC Milan 2006-2007ItalyAlberto Gilardino
10%
Real Madrid 1997-1998GermanyBodo Illgner
10%
Real Madrid 1999-2000GermanyBodo Illgner
10%
Porto 2003-2004PortugalCostinha
10%
Bayern München 2000-2001GermanyJens Jeremies
10%
Bayern München 2019-2020NetherlandsJoshua Zirkzee
10%
Inter Milan 2009-2010BrazilMancini
10%
Bayern München 2000-2001BrazilPaulo Sérgio
10%
Inter Milan 2009-2010PortugalRicardo Quaresma
10%
Liverpool 2004-2005EnglandScott Carson
10%
AC Milan 2002-2003BrazilSerginho
10%
AC Milan 2006-2007BrazilSerginho
10%
Manchester United 2007-2008PolandTomasz Kuszczak
10%
Ajax 1994-1995NetherlandsWinston Bogarde
10%
Marseille 1992-93CroatiaAlen Bokšić
9%
Juventus 1995-1996ItalyAlessio Tacchinardi
9%
Porto 2003-2004RussiaDmitri Alenichev
9%
Marseille 1992-93FranceÉric Di Meco
9%
AC Milan 1993-1994ItalyMarco Simone
9%
Barcelona 2014-2015SpainSandro Ramírez
9%
Real Madrid 2001-2002ArgentinaSantiago Solari
9%
Dortmund 1996-1997GermanyStefan Reuter
9%
Bayern München 2000-2001GermanyThomas Linke
9%
Juventus 1995-1996Yugoslavia (Srb.)Vladimir Jugović
9%
Real Madrid 1999-2000SpainAitor Karanka
8%
Real Madrid 2001-2002SpainAitor Karanka
8%
Real Madrid 1997-1998SpainAitor Karanka
8%
AC Milan 2002-2003CroatiaDario Šimić
8%
AC Milan 2006-2007CroatiaDario Šimić
8%
Inter Milan 2009-2010HondurasDavid Suazo
8%
Porto 2003-2004BrazilDerlei
8%
Real Madrid 2001-2002CameroonGeremi
8%
Real Madrid 1999-2000CameroonGeremi
8%
Juventus 1995-1996ItalyGianluca Pessotto
8%
AC Milan 1993-1994ItalyGianluigi Lentini
8%
Marseille 1992-93FranceJocelyn Angloma
8%
Barcelona 2008-2009UruguayMartín Cáceres
8%
AC Milan 1993-1994ItalyMauro Tassotti
8%
Juventus 1995-1996ItalyMoreno Torricelli
8%
Barcelona 2005-2006SpainOleguer Presas
8%
Porto 2003-2004PortugalPedro Mendes
8%
AC Milan 2006-2007FranceYoann Gourcuff
8%
AC Milan 2006-2007AustraliaZeljko Kalac
8%
Juventus 1995-1996ItalyAngelo Di Livio
6%
Bayern München 2000-2001SwitzerlandCiriaco Sforza
6%
AC Milan 2002-2003ItalyCristian Brocchi
6%
AC Milan 2006-2007ItalyCristian Brocchi
6%
Barcelona 2014-2015BrazilDouglas
6%
Real Madrid 2001-2002BrazilFlávio Conceição
6%
Real Madrid 2001-2002SpainFrancisco Pavón
6%
Marseille 1992-93FranceFranck Sauzée
6%
Liverpool 2004-2005CroatiaIgor Bišćan
6%
Dortmund 1996-1997GermanyJörg Heinrich
6%
Bayern München 2000-2001GermanyMichael Tarnat
6%
Juventus 1995-1996ItalyPietro Vierchowod
6%
Liverpool 2004-2005SenegalSalif Diao
6%
AC Milan 2002-2003DenmarkThomas Helveg
6%
Bayern München 2000-2001GermanyAlexander Zickler
5%
Liverpool 2004-2005SpainAntonio Núñez
5%
Real Madrid 2021-2022SpainBlanco
5%
Chelsea 2020-2021EnglandFaustino Anjorin
5%
Dortmund 1996-1997GermanyHeiko Herrlich
5%
Marseille 1992-93FranceManuel Amoros
5%
Barcelona 2014-2015SpainMartín Montoya
5%
Inter Milan 2009-2010KenyaMcDonald Mariga
5%
Dortmund 1996-1997GermanyRené Schneider
5%
Bayern München 2000-2001GermanyThorsten Fink
5%
Liverpool 2004-2005FranceAnthony Le Tallec
4%
AC Milan 2006-2007ItalyDaniele Bonera
4%
AC Milan 1993-1994ItalyFilippo Galli
4%
Marseille 1992-93FranceJean-Christophe Thomas
4%
Liverpool 2004-2005SpainJosemi
4%
Manchester United 1998-1999EnglandMark Wilson
4%
Dortmund 1996-1997GermanyMartin Kree
4%
Porto 2003-2004PortugalNuno Valente
4%
AC Milan 2006-2007BrazilRicardo Oliveira
4%
Barcelona 2014-2015SpainSergi Samper
4%
AC Milan 1993-1994ItalyStefano Eranio
4%
Barcelona 2010-2011SpainAndreu Fontàs
3%
Juventus 1995-1996ItalyAttilio Lombardo
3%
Liverpool 2004-2005IrelandDarren Potter
3%
Inter Milan 2009-2010ItalyDavide Santon
3%
Real Madrid 1997-1998SpainFernando Sanz
3%
Liverpool 2004-2005FranceFlorent Sinama Pongolle
3%
Marseille 1992-93FranceJean-Jacques Eydelie
3%
AC Milan 2006-2007ItalyMarco Borriello
3%
AC Milan 2002-2003ItalyMarco Borriello
3%
Real Madrid 2021-2022SpainMiguel Gutiérrez
3%
Chelsea 2011-2012SpainOriol Romeu
3%
Real Madrid 2001-2002SpainPedro Munitis
3%
AC Milan 2002-2003BrazilRoque Júnior
3%
Real Madrid 2001-2002SpainRubén
3%
Dortmund 1996-1997GermanySteffen Freund
3%
Dortmund 1996-1997AustriaWolfgang Feiersinger
3%
Real Madrid 1999-2000ArgentinaAlbano Bizzarri
1%
Real Madrid 2001-2002SpainAlbert Celades
1%
AC Milan 1993-1994ItalyAlessandro Orlando
1%
Manchester United 2007-2008EnglandChris Eagles
1%
Liverpool 2004-2005EnglandChris Kirkland
1%
Manchester United 2007-2008EnglandDanny Simpson
1%
Porto 2003-2004LithuaniaEdgaras Jankauskas
1%
Real Madrid 2001-2002Bosnia & HerzegovinaElvir Baljić
1%
Real Madrid 1999-2000Bosnia & HerzegovinaElvir Baljić
1%
AC Milan 1993-1994ItalyFernando De Napoli
1%
AC Milan 1993-1994RomaniaFlorin Răducioiu
1%
AC Milan 2006-2007ItalyGiuseppe Favalli
1%
Dortmund 1996-1997GhanaIbrahim Tanko
1%
Real Madrid 1997-1998SpainJosé Amavisca
1%
AC Milan 2002-2003ArgentinaJosé Chamot
1%
Juventus 1995-1996ArgentinaJuan Pablo Sorín
1%
Dortmund 1996-1997GermanyKnut Reinhardt
1%
AC Milan 2002-2003DenmarkMartin Laursen
1%
Juventus 1995-1996ItalyMassimo Carrera
1%
Liverpool 2004-2005landNeil Mellor
1%
Marseille 1992-93FrancePascal Olmeta
1%
Real Madrid 1999-2000Yugoslavia (Srb.)Perica Ognjenović
1%
Dortmund 1996-1997GermanyRené Tretschok
1%
Barcelona 2005-2006SpainSantiago Ezquerro
1%
Juventus 1995-1996ItalySergio Porrini
1%
Liverpool 2004-2005EnglandStephen Warnock
1%
Bayern München 2000-2001GermanyThomas Strunz
1%
Barcelona 2005-2006SpainAlbert Jorquera
0%
Barcelona 2008-2009SpainAlbert Jorquera
0%
AC Milan 1993-1994ItalyAngelo Carbone
0%
Marseille 1992-93FranceBernard Casoni
0%
Porto 2003-2004BrazilBruno Moraes
0%
Real Madrid 2001-2002SpainCarlos Aranda
0%
Real Madrid 1999-2000SpainCarlos Aranda
0%
Porto 2003-2004PortugalCésar Peixoto
0%
Real Madrid 1997-1998SpainChendo
0%
Real Madrid 1999-2000SpainDavid Aganzo
0%
Manchester United 2007-2008ChinaDong Fangzhuo
0%
Marseille 1992-93CameroonFrançois Omam-Biyik
0%
Juventus 1995-1996ItalyGiancarlo Marocchi
0%
Porto 2003-2004PortugalHugo Almeida
0%
Marseille 1992-93RussiaIgor Dobrovolski
0%
Real Madrid 1997-1998SpainJaime
0%
Real Madrid 2001-2002SpainJavier Portillo
0%
Marseille 1992-93FranceJean-Christophe Marquet
0%
Marseille 1992-93FranceJean-Marc Ferreri
0%
Marseille 1992-93FranceJean-Philippe Durand
0%
Liverpool 2004-2005EnglandJohn Welsh
0%
Dortmund 1996-1997United StatesJovan Kirovski
0%
Juventus 1995-1996ItalyLuca Fusi
0%
AC Milan 1993-1994ItalyMario Ielpo
0%
Real Madrid 1999-2000SpainMeca
0%
Bayern München 2000-2001GermanyMichael Wiesinger
0%
Juventus 1995-1996ItalyMichelangelo Rampulla
0%
Juventus 1995-1996ItalyMichele Padovano
0%
Ajax 1994-1995NetherlandsMichel Kreek
0%
Real Madrid 2001-2002SpainÓscar Miñambres
0%
Porto 2003-2004PortugalPedro Emanuel
0%
Ajax 1994-1995NetherlandsPeter van Vossen
0%
AC Milan 2002-2003ItalySamuele Dalla Bona
0%
Bayern München 2000-2001GermanyStefan Wessels
0%
Dortmund 1996-1997NorwaySteinar Pedersen
0%
Ajax 1994-1995NetherlandsTarik Oulida
0%
Real Madrid 2001-2002Cabo VerdeValdo
0%

Score Distribution

Percentile by Number Answered

Percent of People with Each Score

Your Score History

You have not taken this quiz